| 000 | 00487nam a22001697a 4500 | ||
|---|---|---|---|
| 999 |
_c7936 _d7936 |
||
| 005 | 20240916111615.0 | ||
| 008 | 240916b ||||| |||| 00| 0 eng d | ||
| 020 | _a9788433927071 | ||
| 040 |
_aCDMR _dCDMR |
||
| 100 |
_94970 _aIbarz, Mercè |
||
| 245 |
_aNo pensis, mira _b: davant de l'obra d'art _c/ Mercè Ibarz |
||
| 260 |
_aBarcelona _b: Anagrama, _c2024 |
||
| 300 | _a96 pàgines | ||
| 490 |
_aNous quaderns Anagrama _v; 75 |
||
| 650 | 0 |
_94244 _aCrítica d'art |
|
| 942 |
_2udc _cMON |
||